| 000 | 01982cam a22005414i 4500 | ||
|---|---|---|---|
| 003 | PE-LiUPU | ||
| 005 | 20250731165647.0 | ||
| 008 | 150616s r 000 0 d | ||
| 020 | _a1850750254 | ||
| 035 | _a(Sirsi) i9781850750253 | ||
| 040 |
_aPE-LiUPU _bspa _cPE-LiUPU _erda |
||
| 049 | _aPRUA | ||
| 082 | 0 | 4 |
_a221.077 _bAT / 37 _221 |
| 100 | 1 |
_aCoggins, R. J., _eautor. |
|
| 245 | 1 | 0 |
_aHaggai, Zechariah, Malachi. _n37 / _cR. J. Coggins. |
| 264 | 1 |
_aGreat Britain : _bSheffield Academic Press, _c1996. |
|
| 300 |
_a88 páginas ; _c22 centímetros |
||
| 336 |
_atext _2rdacontent |
||
| 337 |
_aunmediated _2rdamedia |
||
| 338 |
_avolume _2rdacarrier |
||
| 490 | 0 | _aOld Testament Guides | |
| 504 | _aBibliografía al final de cada capáginas | ||
| 505 | 0 | _aThe historical setting.- Prophets under alien rule.- The editorial framework of Haggai and Zechariah 1-8.- Haggai.- Zechariah 1-8. | |
| 526 | _aSEG44 | ||
| 526 | _aSEG26 | ||
| 526 | _aP151 | ||
| 526 | _aP150 | ||
| 526 | _aP149 | ||
| 526 | _aP146 | ||
| 526 | _aP145 | ||
| 526 | _aP126 | ||
| 526 | _aP125 | ||
| 526 | _aP92 | ||
| 526 | _aP75 | ||
| 526 | _aP74 | ||
| 526 | _aP27 | ||
| 526 | _aP15 | ||
| 630 |
_aBiblia. _pA.T. _pHageo _xComentarios. |
||
| 630 |
_aBiblia. _pA.T. _pMalaquías _xComentarios. |
||
| 630 |
_aBiblia. _pA.T. _pZacarías _xComentarios. |
||
| 910 |
_ajck _bjvq _cjck |
||
| 942 |
_2ddc _cBOOK |
||
| 949 |
_aRC 221.077 AT / 37 37 _wDEWEY _c1 _i42535 _lCCODEBUL1 _mBUL _r0 _sY _tBOOK _u2015-6-16 _xTEOLOGIA _zUNKNOWN _0COMPRA _o.CIRCNOTE. No olvidar cambiar la fecha de devolución!!!!!!! _o.STAFF. Colección General |
||
| 994 |
_aC0 _bPEPRU |
||
| 596 | _a1 | ||
| 999 |
_aRC 221.077 AT / 37 37 _wDEWEY _c60366 _i42535 _d60366 _f2021-11-8 _g6 _lCCODEBUL1 _mBUL _q1 _r1 _sY _tBOOK _u2015-6-16 _xTEOLOGIA _zUNKNOWN _0COMPRA _o.CIRCNOTE. No olvidar cambiar la fecha de devolución!!!!!!! _o.STAFF. Colección General |
||
| 980 |
_81 _gALBERTO SANCHEZ Responsable de Automatización |
||